Educación: su reforma en nuestros tiempos /

Salvato in:
Dettagli Bibliografici
Autore principale: Wing - Ching Sandí, Isabel
Natura: testo
Tags: Aggiungi Tag
Nessun Tag, puoi essere il primo ad aggiungerne!!

MARC

LEADER 00000 a a2200000 04500
001 17376
003
040
100 |a Wing - Ching Sandí, Isabel  
245 |a Educación:   |b su reforma en nuestros tiempos /  |c Isabel Wing - Ching Sandí 
773 |g número 4; páginas 145-195  
999 |c 32967  |d 32967